Architecture in existing fabric : (Record no. 352208)

000 -LEADER
fixed length control field 01023 a2200277 4500
003 - CONTROL NUMBER IDENTIFIER
control field OSt
005 - DATE AND TIME OF LATEST TRANSACTION
control field 20180116192326.0
008 - FIXED-LENGTH DATA ELEMENTS--GENERAL INFORMATION
fixed length control field 120215t xxu||||| |||| 00| 0 eng d
010 ## - LIBRARY OF CONGRESS CONTROL NUMBER
LC control number 2007925788
020 ## - INTERNATIONAL STANDARD BOOK NUMBER
International Standard Book Number 9783764377526
020 ## - INTERNATIONAL STANDARD BOOK NUMBER
International Standard Book Number 9783764377519 (German ed.)
040 ## - CATALOGING SOURCE
Transcribing agency 0
082 ## - DEWEY DECIMAL CLASSIFICATION NUMBER
Classification number 720.288
100 1# - MAIN ENTRY--PERSONAL NAME
Personal name Cramer, Johannes,
245 10 - TITLE STATEMENT
Title Architecture in existing fabric :
Remainder of title planning, design, building /
Statement of responsibility, etc. Johannes Cramer, Stefan Breitling.
260 ## - PUBLICATION, DISTRIBUTION, ETC.
Place of publication, distribution, etc. Basel [Switzerland] ;
-- Boston :
Name of publisher, distributor, etc. Birkhäuser,
Date of publication, distribution, etc. 2007.
300 ## - PHYSICAL DESCRIPTION
Extent 221 p. :
Other physical details ill. (some col.) ;
Dimensions 25 cm.
650 #0 - SUBJECT ADDED ENTRY--TOPICAL TERM
Topical term or geographic name entry element Architecture and history.
650 #0 - SUBJECT ADDED ENTRY--TOPICAL TERM
Topical term or geographic name entry element Historic buildings
General subdivision Remodeling for other use.
650 #0 - SUBJECT ADDED ENTRY--TOPICAL TERM
Topical term or geographic name entry element Architecture
General subdivision Conservation and restoration.
650 #0 - SUBJECT ADDED ENTRY--TOPICAL TERM
Topical term or geographic name entry element Architectural design.
700 1# - ADDED ENTRY--PERSONAL NAME
Personal name Breitling, Stefan.
856 41 - ELECTRONIC LOCATION AND ACCESS
Materials specified Table of contents only
Uniform Resource Identifier <a href="http://www.loc.gov/catdir/toc/fy0714/2007925788.html">http://www.loc.gov/catdir/toc/fy0714/2007925788.html</a>
942 ## - ADDED ENTRY ELEMENTS (KOHA)
Institution code [OBSOLETE] SADA
Koha item type Book
Call number prefix 720.288 CRA 2007
Source of classification or shelving scheme
Holdings
Withdrawn status Lost status Source of classification or shelving scheme Damaged status Not for loan Permanent Location Current Location Date acquired Total Checkouts Total Renewals Full call number Barcode Date last seen Date last checked out Cost, replacement price Price effective from Koha item type
          School of Art Design and Architecture (SADA) School of Art Design and Architecture (SADA) 09/28/2010 8 3 720.288 CRA 2007 SADA0000159 06/17/2025 10/07/2024 3741.00 08/05/2011 Book
© 2023 Central Library, National University of Sciences and Technology. All Rights Reserved.